|
|
|
|
| LEADER |
00000naa a2200000uu 4500 |
| 001 |
vtls011063013 |
| 003 |
SK-MaSNL |
| 005 |
20260302143306.0 |
| 008 |
210910|2008 xo |||||||||||||||||slo| |
| 015 |
|
|
|a SNBRA
|
| 035 |
|
|
|a (urnnbn)urn:nbn:sk:snk:ar-a0c47v
|
| 035 |
|
|
|a (uuid)41b81593-15d9-4030-9fc7-609a21aa7991
|
| 035 |
|
|
|a urn:nbn:sk:snk-aavaph
|
| 040 |
|
|
|a SNKBUCL
|b slo
|c SNKBUCL
|e AACR2
|
| 041 |
0 |
|
|a slo
|
| 044 |
|
|
|a xo
|c SK
|
| 100 |
1 |
|
|a Vasiľ, Milan,
|d 1953-
|4 aut
|9 215838
|
| 245 |
1 |
0 |
|a VÝSKYT MASTITÍD U OVIEC V TECHNOLÓGII SO STROJOVÝM DOJENÍM
|c M. Vasiľ, J. Bíreš, J. Elečko
|
| 246 |
3 |
|
|a THE OCCURRENCE OF MASTITIS IN SHEEP WITH MACHINE MILKING TECHNOLOGY
|
| 700 |
1 |
|
|a Bíreš, Jozef,
|d 1956-
|4 aut
|9 199780
|
| 700 |
1 |
|
|a Elečko, J.
|4 aut
|9 772306
|
| 773 |
0 |
|
|t III. medzinárodná vedecká konferencia Infekčné a parazitárne choroby zvierat
|d Košice : Univerzita veterinárskeho lekárstva, 2008
|g S. 57-59
|z 9788080770952
|
| 958 |
|
|
|a OND
|
| 958 |
|
|
|a article12
|
| 958 |
|
|
|a chapter
|
| 999 |
|
|
|c 1343713
|d 1345643
|